Mystery Taylor Swift Song #32 - Statistics

General Stats
  • This quiz has been taken 1,255 times
    649 since last reset
  • The average score is 77 of 129
Answer Stats
Song % Correct
I
96%
a
93%
you
93%
the
89%
an
87%
and
86%
it
86%
me
85%
Reputation
85%
so
84%
your
84%
in
83%
My
83%
of
83%
on
83%
this
83%
when
82%
don't
81%
is
80%
ha
78%
ha)
78%
like
78%
to
78%
we
78%
could
76%
Dress
76%
off
76%
no
75%
take
73%
are
72%
I'm
72%
Only
72%
They
72%
want
72%
All
71%
just
71%
Say
70%
best
69%
There
69%
bought
68%
friend
68%
name
68%
were
67%
we're
67%
'Cause
65%
everything
64%
that
64%
from
63%
hands
63%
if
63%
(ah
62%
ah
62%
ah)
62%
not
62%
see
62%
stops
62%
But
61%
by
61%
can't
61%
know
61%
time
60%
got
59%
about
58%
at
57%
into
57%
shape
57%
back
56%
even
56%
shaking
56%
up
56%
us
56%
golden
55%
Now
55%
Our
55%
room
55%
tattoo
55%
get
54%
mark
54%
idea
53%
Made
53%
met
53%
one
53%
Flashback
52%
Carve
51%
waiting
51%
worst
51%
bedpost
50%
hair
50%
indentation
50%
nothing
50%
saw
50%
times
50%
anticipation
49%
holding
49%
silence
49%
buzzcut
48%
secret
48%
side
48%
crowded
47%
bleached
46%
mistakes
46%
moments
46%
woke
46%
wake
45%
earthquakes
43%
kiss
43%
pining
43%
rebounds
43%
truth
43%
desperately
42%
face
42%
patience
42%
shake
42%
both
41%
drunk
41%
Everyone
41%
gonna
41%
least
41%
try
41%
bathtub
39%
electrified
39%
thinks
39%
burned
38%
wine
38%
explain
37%
lifeline
37%
spilling
35%
lies
34%
Inescapable
27%
No matching quizzes found
Score Distribution
Percent of People with Each Score
Percentile by Number Answered
Your Score History
You have not taken this quiz since the last reset